[Event "Landesklasse West 2016/2017"]
[Site "?"]
[Date "2016.09.25"]
[Round "1"]
[White "Petiko, Nikolai"]
[Black "Kosowski, Todor"]
[Result "1/2-1/2"]
[WhiteElo "2001"]
[BlackElo "2124"]
[PlyCount "40"]
[EventDate "2016.??.??"]
[WhiteTeam "SV Breitenworbis"]
[BlackTeam "SG Arnstadt-Stadtilm"]

1. d4 d5 2. Nf3 e6 3. e3 Nf6 4. Bd3 Be7 5. O-O O-O 6. b3 b6 7. Bb2 Bb7 8. Ne5
Nbd7 9. Nd2 Nxe5 10. dxe5 Ne4 11. f4 Nxd2 12. Qxd2 f5 13. Rfd1 c5 14. c4 Qc7
15. cxd5 Bxd5 16. Qc2 Qb7 17. Rd2 Rfd8 18. Rad1 Be4 19. Bxe4 Qxe4 20. Qxe4 fxe4
1/2-1/2

[Event "Landesklasse West 2016/2017"]
[Site "?"]
[Date "2016.09.25"]
[Round "1"]
[White "Buring, Matthias"]
[Black "Bötticher, Heinz-Wilfried"]
[Result "1-0"]
[WhiteElo "2091"]
[BlackElo "1790"]
[PlyCount "67"]
[EventDate "2016.??.??"]
[WhiteTeam "SG Arnstadt-Stadtilm"]
[BlackTeam "SV Breitenworbis"]

1. e4 c5 2. Nf3 Nc6 3. d4 cxd4 4. c3 d5 5. e5 Bg4 6. Bb5 Qa5 7. Bxc6+ bxc6 8.
O-O dxc3 9. Nxc3 e6 10. h3 Bxf3 11. Qxf3 g6 12. Rb1 Bg7 13. Bf4 Ne7 14. b4 Qc7
15. Qe2 O-O 16. Rfc1 a6 17. Na4 Rfb8 18. Nc5 Qc8 19. Bg5 Kf8 20. g4 Ke8 21. Qe3
Qc7 22. Bf6 Bf8 23. f4 Qa7 24. Kh1 Nc8 25. f5 Nb6 26. fxe6 fxe6 27. Nxe6 Nc4
28. Qf4 Bxb4 29. Ng7+ Kf8 30. e6 Bd2 31. Qf1 Bxc1 32. Bd4+ Ke7 33. Rxb8 Qxd4
34. Qf8# 1-0

[Event "Landesklasse West 2016/2017"]
[Site "?"]
[Date "2016.09.25"]
[Round "1"]
[White "Hellrung, Bernhard"]
[Black "Sauer, Marko"]
[Result "1/2-1/2"]
[WhiteElo "1819"]
[BlackElo "2069"]
[PlyCount "35"]
[EventDate "2016.??.??"]
[WhiteTeam "SV Breitenworbis"]
[BlackTeam "SG Arnstadt-Stadtilm"]

1. e4 c5 2. c3 d5 3. exd5 Qxd5 4. d4 Nc6 5. Nf3 Bg4 6. Be2 cxd4 7. cxd4 e6 8.
Nc3 Qd7 9. Be3 Nf6 10. O-O Bd6 11. h3 Bh5 12. Ng5 Bxe2 13. Qxe2 O-O 14. Rfd1
Rac8 15. d5 exd5 16. Nxd5 Nxd5 17. Qd3 Nf6 18. Qxd6 1/2-1/2

[Event "Landesklasse West 2016/2017"]
[Site "?"]
[Date "2016.09.25"]
[Round "1"]
[White "Zeising, Benjamin"]
[Black "Petiko, Jakob"]
[Result "1/2-1/2"]
[WhiteElo "1814"]
[BlackElo "1926"]
[PlyCount "24"]
[EventDate "2016.??.??"]
[WhiteTeam "SG Arnstadt-Stadtilm"]
[BlackTeam "SV Breitenworbis"]

1. Nc3 Nf6 2. d4 d6 3. e4 c6 4. f4 Qa5 5. Bd2 e5 6. Nf3 exd4 7. Nxd4 Bg4 8. Be2
Qh5 9. O-O Bxe2 10. Qxe2 Qxe2 11. Ndxe2 Nbd7 12. h3 Nc5 1/2-1/2

[Event "Landesklasse West 2016/2017"]
[Site "?"]
[Date "2016.09.25"]
[Round "1"]
[White "Vergin, Marcel"]
[Black "Riedel, Erich"]
[Result "1-0"]
[WhiteElo "1812"]
[BlackElo "1709"]
[PlyCount "120"]
[EventDate "2016.??.??"]
[WhiteTeam "SV Breitenworbis"]
[BlackTeam "SG Arnstadt-Stadtilm"]

1. d4 g6 2. b4 Bg7 3. Bb2 d6 4. Nf3 Nd7 5. c4 Ngf6 6. Nbd2 b6 7. e3 c5 8. dxc5
bxc5 9. b5 Bb7 10. Be2 O-O 11. O-O a6 12. a4 a5 13. Qc2 Nh5 14. Bxg7 Nxg7 15.
Nb3 Qc7 16. Bd3 Nf6 17. Nfd2 Rfe8 18. Ne4 Nxe4 19. Bxe4 Bxe4 20. Qxe4 Nh5 21.
Rfd1 Nf6 22. Qf3 Kg7 23. Nd2 h6 24. Ne4 Nd7 25. Nc3 Nb6 26. Nd5 Nxd5 27. Qxd5
Rab8 28. Rd2 Rb6 29. Rad1 Qc8 30. h3 Qf5 31. Qd3 Qxd3 32. Rxd3 f5 33. f3 Rf8
34. g3 Rf6 35. f4 h5 36. Kf2 Re6 37. Kf3 Re4 38. Rc3 Kf6 39. g4 hxg4+ 40. hxg4
Rb8 41. gxf5 gxf5 42. Rb1 Ke6 43. Rh1 Kd7 44. Rh5 e6 45. Rh7+ Kc8 46. Ra7 Rb6
47. Rc1 Kb8 48. Rxa5 e5 49. Rh1 exf4 50. Rh8+ Kb7 51. Rha8 Kc7 52. R5a7+ Rb7
53. a5 Rxa7 54. b6+ Kb7 55. Rxa7+ Kb8 56. a6 Rxe3+ 57. Kxf4 Re4+ 58. Kxf5 Re8
59. Rd7 d5 60. Rxd5 Rc8 1-0

[Event "Landesklasse West 2016/2017"]
[Site "?"]
[Date "2016.09.25"]
[Round "1"]
[White "Scheller, Thomas"]
[Black "Leibeling, Lucian"]
[Result "1/2-1/2"]
[WhiteElo "1664"]
[BlackElo "1806"]
[PlyCount "29"]
[EventDate "2016.??.??"]
[WhiteTeam "SG Arnstadt-Stadtilm"]
[BlackTeam "SV Breitenworbis"]

1. d4 d5 2. c4 e6 3. Nf3 Nf6 4. e3 Be7 5. a3 O-O 6. Nc3 b6 7. cxd5 exd5 8. Bd3
Bg4 9. Be2 c5 10. b3 Nc6 11. O-O Ne4 12. Bb2 Bf6 13. Qc2 Nxc3 14. Bxc3 cxd4 15.
Nxd4 1/2-1/2

[Event "Landesklasse West 2016/2017"]
[Site "?"]
[Date "2016.09.25"]
[Round "1"]
[White "Biel, Peter"]
[Black "Jank, Kevin"]
[Result "1-0"]
[WhiteElo "1675"]
[BlackElo "1706"]
[PlyCount "75"]
[EventDate "2016.??.??"]
[WhiteTeam "SV Breitenworbis"]
[BlackTeam "SG Arnstadt-Stadtilm"]

1. e4 d6 2. d4 g6 3. Nf3 Bg7 4. Be2 Nf6 5. Nc3 Nbd7 6. O-O e5 7. dxe5 dxe5 8.
Qd3 O-O 9. Rd1 Re8 10. Bg5 c6 11. Na4 Qa5 12. Qc4 Qc7 13. Nc3 h6 14. Bh4 Nb6
15. Qc5 Bg4 16. Bxf6 Bxf6 17. Nb5 Qb8 18. Nd6 Re6 19. Nc4 Bxf3 20. gxf3 Be7 21.
Qe3 Bg5 22. Qb3 Nxc4 23. Bxc4 Re7 24. a4 Qc7 25. Rd3 Rd7 26. Rad1 Rxd3 27. Rxd3
Rd8 28. Rxd8+ Bxd8 29. Qe3 Kg7 30. Qxa7 Qb6 31. Qb8 Bh4 32. Qxe5+ Kh7 33. Qf4
Qxf2+ 34. Kh1 h5 35. Qxf7+ Kh6 36. Qf4+ Kh7 37. e5 Bd8 38. Bd3 {ZÜ} 1-0

[Event "Landesklasse West 2016/2017"]
[Site "?"]
[Date "2016.09.25"]
[Round "1"]
[White "Schumacher, Andreas"]
[Black "Mann, Moritz"]
[Result "1/2-1/2"]
[WhiteElo "1706"]
[BlackElo "1593"]
[PlyCount "126"]
[EventDate "2016.??.??"]
[WhiteTeam "SG Arnstadt-Stadtilm"]
[BlackTeam "SV Breitenworbis"]

1. d4 g6 2. c4 Bg7 3. Nc3 d6 4. e4 Nd7 5. Be3 e5 6. d5 Ne7 7. Bd3 b6 8. b4 a5
9. a3 O-O 10. Nge2 f5 11. f3 f4 12. Bf2 g5 13. Nb5 h5 14. Nec3 Ng6 15. Be2 Rf7
16. Na4 Bf8 17. Rc1 axb4 18. axb4 Nf6 19. c5 bxc5 20. bxc5 g4 21. cxd6 Bxd6 22.
Nxd6 cxd6 23. Nb6 Rb8 24. Nxc8 Rxc8 25. O-O Rxc1 26. Qxc1 Qd7 27. Qc6 gxf3 28.
gxf3 Rg7 29. Kh1 Ne7 30. Qa8+ Qc8 31. Qxc8+ Nxc8 32. Bh4 Nd7 33. Rc1 Nc5 34.
Bb5 Na7 35. Be8 Kf8 36. Bf6 Rh7 37. Bg6 Rh6 38. Rg1 Nd7 39. Bd8 Nc5 40. Rg5 Nb5
41. Bxh5 Nd4 42. Ba5 Nd7 43. Kg2 Nf6 44. Bg4 Nc2 45. h3 Ne3+ 46. Kf2 Nfxg4+ 47.
hxg4 Rh2+ 48. Ke1 Rh3 49. Rg6 Rxf3 50. Rxd6 Nxg4 51. Rd8+ Kf7 52. d6 Rd3 53.
Bc7 f3 54. Rd7+ Kg6 55. Bb6 Kf6 56. Bc5 f2+ 57. Bxf2 Nxf2 58. Kxf2 Ke6 59. Ra7
Kxd6 60. Ra6+ Ke7 61. Ke2 Rh3 62. Ra7+ Ke6 63. Ra6+ Ke7 1/2-1/2

[Event "Landesklasse West 2016/2017"]
[Site "?"]
[Date "2016.09.25"]
[Round "1"]
[White "Kirsch, Uwe"]
[Black "Neef, Michael"]
[Result "1/2-1/2"]
[WhiteElo "1927"]
[BlackElo "1863"]
[PlyCount "35"]
[EventDate "2016.??.??"]
[WhiteTeam "TSG Ruhla"]
[BlackTeam "SV Wartburgstadt Eisenach"]

1. d4 d5 2. Nf3 Nf6 3. g3 Bf5 4. Bg2 e6 5. O-O h6 6. c4 c6 7. b3 Nbd7 8. Bb2
Be7 9. Nc3 O-O 10. e3 Ne4 11. Qe2 Nxc3 12. Bxc3 Be4 13. Bh3 Bxf3 14. Qxf3 Nf6
15. Rfd1 Ne4 16. Be1 Ng5 17. Qh5 Nxh3+ 18. Qxh3 1/2-1/2

[Event "Landesklasse West 2016/2017"]
[Site "?"]
[Date "2016.09.25"]
[Round "1"]
[White "Königsdörfer, Gerhard"]
[Black "Von Otte, Wilhelm"]
[Result "1/2-1/2"]
[WhiteElo "1912"]
[BlackElo "1977"]
[PlyCount "51"]
[EventDate "2016.??.??"]
[WhiteTeam "SV Wartburgstadt Eisenach"]
[BlackTeam "TSG Ruhla"]

1. e4 e6 2. d4 d5 3. Nc3 Bb4 4. a3 Bxc3+ 5. bxc3 dxe4 6. Qg4 Nf6 7. Qxg7 Rg8 8.
Qh6 Rg6 9. Qd2 c5 10. Ne2 Nc6 11. Nf4 Rg8 12. Bb2 e5 13. dxe5 Qxd2+ 14. Kxd2
Nxe5 15. c4 Ned7 16. Re1 b6 17. Nd5 Nxd5 18. cxd5 Bb7 19. Rxe4+ Kd8 20. c4 Kc7
21. g3 Rae8 22. Rxe8 Rxe8 23. Bd3 b5 24. f4 bxc4 25. Bxc4 Kd6 26. Bb5 1/2-1/2

[Event "Landesklasse West 2016/2017"]
[Site "?"]
[Date "2016.09.25"]
[Round "1"]
[White "Thrän, Uwe"]
[Black "Graupner, Markus"]
[Result "1/2-1/2"]
[WhiteElo "1744"]
[BlackElo "1707"]
[PlyCount "34"]
[EventDate "2016.??.??"]
[WhiteTeam "TSG Ruhla"]
[BlackTeam "SV Wartburgstadt Eisenach"]

1. d4 d5 2. c4 e6 3. Nc3 Nf6 4. Bg5 Be7 5. e3 O-O 6. Nf3 a6 7. Bd3 dxc4 8. Bxc4
b5 9. Bd3 Bb7 10. O-O Nbd7 11. Qe2 c5 12. dxc5 Nxc5 13. Bc2 Nd5 14. Bxe7 Qxe7
15. Nxd5 Bxd5 16. Rfd1 Rfd8 17. b3 Be4 1/2-1/2

[Event "Landesklasse West 2016/2017"]
[Site "?"]
[Date "2016.09.25"]
[Round "1"]
[White "Anschütz, Bernd"]
[Black "Brückmann, Volker"]
[Result "1/2-1/2"]
[WhiteElo "1758"]
[BlackElo "1783"]
[PlyCount "31"]
[EventDate "2016.??.??"]
[WhiteTeam "SV Wartburgstadt Eisenach"]
[BlackTeam "TSG Ruhla"]

1. e4 c5 2. c4 g6 3. g3 Bg7 4. Bg2 d6 5. Nc3 Nf6 6. Nge2 Nc6 7. d3 Rb8 8. a4
Bd7 9. O-O Qc8 10. Nd5 Nxd5 11. exd5 Nb4 12. h4 Bg4 13. f3 Bf5 14. Ra3 h5 15.
Kh2 O-O 16. Ng1 1/2-1/2

[Event "Landesklasse West 2016/2017"]
[Site "?"]
[Date "2016.09.25"]
[Round "1"]
[White "Fink, Klaus"]
[Black "Hoppe, Hans-Jörg"]
[Result "1/2-1/2"]
[WhiteElo "1843"]
[BlackElo "1545"]
[PlyCount "46"]
[EventDate "2016.??.??"]
[WhiteTeam "TSG Ruhla"]
[BlackTeam "SV Wartburgstadt Eisenach"]

1. e4 e5 2. Nf3 Nc6 3. Nc3 Nf6 4. Bc4 Be7 5. O-O d6 6. h3 O-O 7. Re1 Bd7 8. d4
exd4 9. Nxd4 Ne5 10. Bf1 a6 11. a4 Qc8 12. Bf4 Ng6 13. Bg3 c5 14. Nb3 Be6 15.
f4 Bd7 16. Nd2 Bc6 17. Nc4 Qc7 18. a5 Rad8 19. Nd5 Bxd5 20. exd5 Nd7 21. f5
Nge5 22. Bxe5 Nxe5 23. Nb6 Bf6 1/2-1/2

[Event "Landesklasse West 2016/2017"]
[Site "?"]
[Date "2016.09.25"]
[Round "1"]
[White "Ulbricht, Olaf"]
[Black "Voß, Ewald"]
[Result "1/2-1/2"]
[WhiteElo "1541"]
[BlackElo "1649"]
[PlyCount "29"]
[EventDate "2016.??.??"]
[WhiteTeam "SV Wartburgstadt Eisenach"]
[BlackTeam "TSG Ruhla"]

1. e4 e5 2. f4 d6 3. Nf3 Bg4 4. Bc4 Bxf3 5. Qxf3 Nf6 6. d3 Nc6 7. Bb5 Qd7 8.
Nc3 a6 9. Ba4 b5 10. Bb3 Nd4 11. Qd1 c6 12. O-O Nxb3 13. axb3 Be7 14. Ne2 Qa7+
15. Kh1 1/2-1/2

[Event "Landesklasse West 2016/2017"]
[Site "?"]
[Date "2016.09.25"]
[Round "1"]
[White "Hagen, Matthias"]
[Black "Mekus, Stephanie"]
[Result "1/2-1/2"]
[WhiteElo "1663"]
[BlackElo "1570"]
[PlyCount "38"]
[EventDate "2016.??.??"]
[WhiteTeam "TSG Ruhla"]
[BlackTeam "SV Wartburgstadt Eisenach"]

1. e4 e6 2. d4 d5 3. Nc3 Bb4 4. e5 Qh4 5. Nf3 Bxc3+ 6. bxc3 Qd8 7. Bd3 Ne7 8.
O-O O-O 9. Ba3 Nbc6 10. Ng5 g6 11. Qf3 h6 12. Nh3 Re8 13. Qe3 Kg7 14. Bc1 Rh8
15. f4 Nf5 16. Qe1 Qh4 17. Bxf5 Qxe1 18. Rxe1 exf5 19. Nf2 Be6 1/2-1/2

[Event "Landesklasse West 2016/2017"]
[Site "?"]
[Date "2016.09.25"]
[Round "1"]
[White "Tischner, Manfred"]
[Black "Kabisch, Roland"]
[Result "1/2-1/2"]
[WhiteElo "1732"]
[BlackElo "1546"]
[PlyCount "38"]
[EventDate "2016.??.??"]
[WhiteTeam "SV Wartburgstadt Eisenach"]
[BlackTeam "TSG Ruhla"]

1. e4 c5 2. Nf3 e6 3. g3 Nf6 4. d3 Be7 5. Bg2 O-O 6. O-O d6 7. Re1 Nc6 8. a4
Bd7 9. Nbd2 a6 10. Nf1 Rb8 11. b3 Ng4 12. h3 Bf6 13. Rb1 Nge5 14. N1h2 Nxf3+
15. Nxf3 Bc3 16. Bd2 Qa5 17. Bxc3 Qxc3 18. Qd2 Qxd2 19. Nxd2 b5 1/2-1/2

[Event "Landesklasse West 2016/2017"]
[Site "?"]
[Date "2016.09.25"]
[Round "1"]
[White "Klingler, Lutz"]
[Black "Schlick, Stefan"]
[Result "1/2-1/2"]
[WhiteElo "1943"]
[BlackElo "1858"]
[PlyCount "22"]
[EventDate "2016.??.??"]
[WhiteTeam "SV Schmalkalden 04"]
[BlackTeam "Schachclub 1998 Gotha"]

1. f4 d5 2. Nf3 Nf6 3. e3 Bf5 4. Be2 e6 5. O-O Be7 6. Ne5 h5 7. d3 Nbd7 8. Nd2
Nxe5 9. fxe5 Ng4 10. Nf3 Bg5 11. Nxg5 Qxg5 1/2-1/2

[Event "Landesklasse West 2016/2017"]
[Site "?"]
[Date "2016.09.25"]
[Round "1"]
[White "Reucker, Friedrich"]
[Black "Krannich, Steffen"]
[Result "1/2-1/2"]
[WhiteElo "1723"]
[BlackElo "1858"]
[PlyCount "31"]
[EventDate "2016.??.??"]
[WhiteTeam "Schachclub 1998 Gotha"]
[BlackTeam "SV Schmalkalden 04"]

1. Nf3 Nf6 2. c4 e6 3. g3 d5 4. Bg2 c6 5. O-O Bd6 6. d4 O-O 7. Qc2 Nbd7 8. b3
Qe7 9. Nc3 h6 10. Bb2 b6 11. Rfd1 Bb7 12. Rac1 Rac8 13. cxd5 cxd5 14. Qb1 Ne4
15. Nb5 Bb8 16. Ba3 1/2-1/2

[Event "Landesklasse West 2016/2017"]
[Site "?"]
[Date "2016.09.25"]
[Round "1"]
[White "Bamberg, Alexander"]
[Black "Lutzkat, Ulrich"]
[Result "0-1"]
[WhiteElo "1870"]
[BlackElo "1933"]
[PlyCount "72"]
[EventDate "2016.??.??"]
[WhiteTeam "SV Schmalkalden 04"]
[BlackTeam "Schachclub 1998 Gotha"]

1. e4 c5 2. Nf3 Nc6 3. d4 cxd4 4. Nxd4 e5 5. Nb5 d6 6. N1c3 a6 7. Na3 b5 8. Nd5
Nge7 9. Bg5 h6 10. Qh5 hxg5 11. Qxh8 Nxd5 12. exd5 Qa5+ 13. Kd1 b4 14. dxc6
Qd5+ 15. Kc1 bxa3 16. bxa3 Bf5 17. Qh5 Qxc6 18. Qd1 Rc8 19. Bd3 Qc3 20. Bxf5
Qxa1+ 21. Kd2 Qc3+ 22. Ke2 Rb8 23. Qd3 Qxd3+ 24. Bxd3 Rb2 25. Ra1 d5 26. Kd1
Bc5 27. Bxa6 Bxf2 28. a4 Bd4 29. Rc1 Be3 30. Ra1 Ke7 31. Bd3 e4 32. Bb5 Kd6 33.
Be2 Kc5 34. c3 Kb6 35. h3 Ka5 36. Bb5 Rxg2 0-1

[Event "Landesklasse West 2016/2017"]
[Site "?"]
[Date "2016.09.25"]
[Round "1"]
[White "Manger, Hans-Gerald"]
[Black "Lesser, Thomas"]
[Result "1/2-1/2"]
[WhiteElo "1838"]
[BlackElo "1852"]
[PlyCount "34"]
[EventDate "2016.??.??"]
[WhiteTeam "Schachclub 1998 Gotha"]
[BlackTeam "SV Schmalkalden 04"]

1. d4 d5 2. c4 c6 3. Nc3 Nf6 4. Nf3 e6 5. Bg5 Be7 6. e3 Nbd7 7. Bd3 h6 8. Bh4
O-O 9. O-O dxc4 10. Bxc4 c5 11. Rc1 cxd4 12. Nxd4 Nb6 13. Bd3 Nbd5 14. Nxd5
Nxd5 15. Bxe7 Qxe7 16. Qf3 b6 17. Nc6 Qg5 1/2-1/2

[Event "Landesklasse West 2016/2017"]
[Site "?"]
[Date "2016.09.25"]
[Round "1"]
[White "Burkhardt, Christian"]
[Black "Kuznecovs, Nikita"]
[Result "0-1"]
[WhiteElo "1721"]
[BlackElo "1875"]
[PlyCount "126"]
[EventDate "2016.??.??"]
[WhiteTeam "SV Schmalkalden 04"]
[BlackTeam "Schachclub 1998 Gotha"]

1. d4 Nf6 2. c4 e6 3. Nf3 c5 4. d5 b5 5. Bg5 exd5 6. cxd5 Qa5+ 7. Bd2 Qb6 8.
Bc3 Bb7 9. Bxf6 Qxf6 10. Nc3 b4 11. Na4 Ba6 12. e4 Bxf1 13. Kxf1 Qa6+ 14. Kg1
Be7 15. g3 d6 16. Kg2 O-O 17. Re1 Nd7 18. b3 Bf6 19. Rc1 Rfe8 20. Qe2 Qxe2 21.
Rxe2 Nb6 22. Nxb6 axb6 23. Ne1 Bc3 24. Rcc2 f5 25. f3 fxe4 26. fxe4 Ra7 27. Nd3
g5 28. Nf2 Kg7 29. g4 Be5 30. Nh1 Rf7 31. Ng3 Bxg3 32. hxg3 Rfe7 33. Kf3 Kg6
34. Re3 h5 35. gxh5+ Kxh5 36. Rh2+ Kg6 37. Rhe2 Re5 38. Kg4 b5 39. Kf3 R8e7 40.
g4 Rf7+ 41. Kg3 Rf4 42. Re1 c4 43. bxc4 bxc4 44. Rb1 Rexe4 45. Rxe4 Rxe4 46.
Rxb4 Kf6 47. a4 Ke5 48. a5 Kd4 49. Ra4 Re7 50. a6 Ra7 51. Kf2 Kc5 52. Ke3 Kb5
53. Ra1 Rxa6 54. Rb1+ Kc5 55. Ke4 Ra2 56. Kf5 Kxd5 57. Kxg5 c3 58. Kf6 Rf2+ 59.
Ke7 Rg2 60. g5 Kc4 61. Kf6 c2 62. Rc1 Kd3 63. g6 Kd2 0-1

[Event "Landesklasse West 2016/2017"]
[Site "?"]
[Date "2016.09.25"]
[Round "1"]
[White "Bauer, Wilfried"]
[Black "Himmel, Matthias"]
[Result "1/2-1/2"]
[WhiteElo "1639"]
[BlackElo "1618"]
[PlyCount "73"]
[EventDate "2016.??.??"]
[WhiteTeam "Schachclub 1998 Gotha"]
[BlackTeam "SV Schmalkalden 04"]

1. f4 d5 2. Nf3 Nf6 3. e3 g6 4. Be2 Bg7 5. O-O O-O 6. d3 Nbd7 7. c3 c6 8. Ne5
Qc7 9. Nxd7 Bxd7 10. Qc2 e5 11. e4 dxe4 12. dxe4 Bg4 13. Bd3 c5 14. Na3 a6 15.
fxe5 Nd7 16. Nc4 Nxe5 17. Nxe5 Bxe5 18. h3 Be6 19. Bh6 Rfd8 20. a3 Rd7 21. Rad1
Qb6 22. Qf2 Qc7 23. Bc2 Rad8 24. Be3 Bg3 25. Qf3 Be5 26. Bg5 Rxd1 27. Bxd1 Rd7
28. Ba4 b5 29. Bc2 Bc4 30. Rd1 Rxd1+ 31. Bxd1 Qd6 32. Bc2 b4 33. axb4 cxb4 34.
b3 f6 35. Be3 Bd3 36. Bxd3 Qxd3 37. cxb4 1/2-1/2

[Event "Landesklasse West 2016/2017"]
[Site "?"]
[Date "2016.09.25"]
[Round "1"]
[White "Röder, Detlef"]
[Black "Rätsch, Heinz"]
[Result "0-1"]
[WhiteElo "1611"]
[BlackElo "2000"]
[PlyCount "42"]
[EventDate "2016.??.??"]
[WhiteTeam "SV Schmalkalden 04"]
[BlackTeam "Schachclub 1998 Gotha"]

1. e4 d5 2. exd5 Qxd5 3. d4 Nc6 4. Nf3 Bg4 5. Be2 O-O-O 6. c4 Qd6 7. d5 Bxf3 8.
Bxf3 Ne5 9. Be2 e6 10. Nc3 exd5 11. Qxd5 Qf6 12. Qa5 Nc6 13. Qg5 Bb4 14. Qxf6
Nxf6 15. f3 Rhe8 16. a3 Bc5 17. Bg5 Nd4 18. Rc1 a5 19. Bh4 Nb3 20. Rd1 Rxd1+
21. Nxd1 Nc1 0-1

[Event "Landesklasse West 2016/2017"]
[Site "?"]
[Date "2016.09.25"]
[Round "1"]
[White "Rockstuhl, Reiner"]
[Black "Menz, Uwe"]
[Result "1-0"]
[WhiteElo "1770"]
[BlackElo "1406"]
[PlyCount "75"]
[EventDate "2016.??.??"]
[WhiteTeam "Schachclub 1998 Gotha"]
[BlackTeam "SV Schmalkalden 04"]

1. e4 e5 2. Nf3 Nc6 3. Bb5 a6 4. Ba4 Bc5 5. O-O Nf6 6. d3 b5 7. Bb3 O-O 8. c3
d6 9. h3 h6 10. Nbd2 Bb7 11. Re1 Ne7 12. Nf1 Ng6 13. Ng3 Qd7 14. Nf5 d5 15. Nd2
Nf4 16. Bc2 a5 17. Qf3 Rad8 18. Nb3 Bb6 19. Bxf4 exf4 20. Qxf4 dxe4 21. dxe4 a4
22. Rad1 Qe6 23. Nbd4 Bxd4 24. cxd4 Qxa2 25. Qg3 Nh5 26. Qg4 Qxb2 27. Bd3 g6
28. Nxh6+ Kh7 29. Nf5 b4 30. Qg5 gxf5 31. Qxh5+ Kg7 32. Re3 f4 33. Qg5+ Kh8 34.
Qh6+ Kg8 35. e5 f5 36. exf6 Rf7 37. Re5 Rdd7 38. Re8+ 1-0

[Event "Landesklasse West 2016/2017"]
[Site "?"]
[Date "2016.09.25"]
[Round "1"]
[White "Scheftlein, Richard"]
[Black "Kuntze, Andreas"]
[Result "1/2-1/2"]
[WhiteElo "2085"]
[BlackElo "1988"]
[PlyCount "55"]
[EventDate "2016.??.??"]
[WhiteTeam "ESV Lok Meiningen"]
[BlackTeam "Schachclub Rochade Leinefelde"]

1. d4 Nf6 2. c4 c5 3. d5 b5 4. cxb5 a6 5. bxa6 g6 6. g3 Bxa6 7. Bg2 d6 8. Nc3
Bg7 9. Nf3 Nfd7 10. Qc2 Nb6 11. h4 h6 12. h5 g5 13. Nh2 N8d7 14. Ng4 Nc4 15.
O-O Nf6 16. Nxf6+ Bxf6 17. a3 Qa5 18. Ra2 O-O 19. Ne4 Bg7 20. b3 Ne5 21. Bb2
Rab8 22. Kh1 g4 23. Bxe5 Bxe5 24. b4 cxb4 25. axb4 Qb5 26. Qc6 Rb6 27. Qxb5
Bxb5 28. Rc1 1/2-1/2

[Event "Landesklasse West 2016/2017"]
[Site "?"]
[Date "2016.09.25"]
[Round "1"]
[White "Kachel, Alfred"]
[Black "Hocke, Sebastian"]
[Result "1/2-1/2"]
[WhiteElo "1987"]
[BlackElo "2035"]
[PlyCount "57"]
[EventDate "2016.??.??"]
[WhiteTeam "Schachclub Rochade Leinefelde"]
[BlackTeam "ESV Lok Meiningen"]

1. e4 c5 2. Nf3 d6 3. d4 cxd4 4. Nxd4 Nf6 5. f3 e5 6. Nb3 Be6 7. c4 Be7 8. Be3
O-O 9. Nc3 a6 10. Be2 Nbd7 11. O-O Nh5 12. Nd5 Bxd5 13. Qxd5 Bg5 14. Qd2 Bxe3+
15. Qxe3 Nf4 16. g3 Qb6 17. Qxb6 Nxe2+ 18. Kf2 Nxb6 19. c5 dxc5 20. Kxe2 Rac8
21. Na5 Rc7 22. Rac1 c4 23. Rfd1 Rfc8 24. Rd6 Na4 25. Rxc4 Rxc4 26. Nxc4 f6 27.
Nb6 Nxb6 28. Rxb6 Rc7 29. Rd6 1/2-1/2

[Event "Landesklasse West 2016/2017"]
[Site "?"]
[Date "2016.09.25"]
[Round "1"]
[White "Lehmann, Peter"]
[Black "Frank, Thomas"]
[Result "0-1"]
[WhiteElo "1866"]
[BlackElo "1846"]
[PlyCount "90"]
[EventDate "2016.??.??"]
[WhiteTeam "ESV Lok Meiningen"]
[BlackTeam "Schachclub Rochade Leinefelde"]

1. d4 Nf6 2. Nf3 g6 3. c4 Bg7 4. Nc3 d6 5. e3 O-O 6. Be2 b6 7. O-O Bb7 8. Qc2
Nbd7 9. b3 c6 10. Ba3 Re8 11. Rad1 Qc7 12. Rd2 c5 13. d5 a6 14. Bb2 Rad8 15.
Bd3 e5 16. e4 Nh5 17. g3 Ndf6 18. Kg2 Bc8 19. Ng1 Bh6 20. Re2 Rf8 21. Bc1 Bxc1
22. Qxc1 Kg7 23. f3 Qe7 24. Ref2 Bd7 25. Nce2 Rde8 26. g4 Nf4+ 27. Nxf4 exf4
28. Qxf4 b5 29. Rc2 h5 30. h3 Rh8 31. Qg3 hxg4 32. hxg4 Rh7 33. Nh3 Reh8 34.
Rh1 Bxg4 35. Nf2 Rxh1 36. Nxh1 Bd7 37. Nf2 Nh5 38. Qh2 Qg5+ 39. Kf1 Ng3+ 40.
Kg2 Rxh2+ 41. Kxh2 Nh5 42. Bf1 Qg3+ 43. Kh1 Qxf3+ 44. Bg2 Qe3 45. Kh2 g5 0-1

[Event "Landesklasse West 2016/2017"]
[Site "?"]
[Date "2016.09.25"]
[Round "1"]
[White "Pfitzenreuter, Gerald"]
[Black "Jörges, Frank"]
[Result "1/2-1/2"]
[WhiteElo "1828"]
[BlackElo "1816"]
[PlyCount "32"]
[EventDate "2016.??.??"]
[WhiteTeam "Schachclub Rochade Leinefelde"]
[BlackTeam "ESV Lok Meiningen"]

1. d4 f5 2. e4 fxe4 3. Nc3 Nf6 4. f3 exf3 5. Nxf3 e6 6. Bd3 b6 7. O-O Ba6 8.
Bg5 Be7 9. Ne5 Bxd3 10. Qxd3 Nc6 11. Nxc6 dxc6 12. Rae1 Qd7 13. Qc4 Nd5 14. Ne4
h6 15. Bxe7 Kxe7 16. Nd2 Raf8 1/2-1/2

[Event "Landesklasse West 2016/2017"]
[Site "?"]
[Date "2016.09.25"]
[Round "1"]
[White "Grube, Jan"]
[Black "Seeboth, Paul"]
[Result "0-1"]
[WhiteElo "1763"]
[BlackElo "1846"]
[PlyCount "90"]
[EventDate "2016.??.??"]
[WhiteTeam "ESV Lok Meiningen"]
[BlackTeam "Schachclub Rochade Leinefelde"]

1. c4 Nf6 2. d4 e6 3. Nc3 d5 4. Bg5 c6 5. e3 Be7 6. Nf3 O-O 7. Bd3 Nbd7 8. O-O
b6 9. Rc1 h6 10. Bf4 Bb7 11. cxd5 Nxd5 12. Nxd5 exd5 13. Qe2 a5 14. Rfd1 c5 15.
Bb5 Nf6 16. Ne5 Qc8 17. h3 Qe6 18. dxc5 bxc5 19. b3 Rfd8 20. Rc2 Ne4 21. f3 Nf6
22. Nd3 Qb6 23. Ne5 Qe6 24. Rdc1 Rac8 25. Qe1 Qb6 26. Bd3 Ra8 27. Bf5 Bc8 28.
Bxc8 Raxc8 29. Qg3 Nh5 30. Qg4 Nxf4 31. Qxf4 Bf6 32. Kh1 Qe6 33. Ng4 Bg5 34.
Qa4 h5 35. f4 hxg4 36. fxg5 gxh3 37. Rxc5 Rxc5 38. Rxc5 Qxe3 39. Qxa5 hxg2+ 40.
Kxg2 Qxg5+ 41. Kf2 Qf5+ 42. Kg3 Rd6 43. Qa8+ Kh7 44. Rc6 Qg6+ 45. Kf3 Rxc6 0-1

[Event "Landesklasse West 2016/2017"]
[Site "?"]
[Date "2016.09.25"]
[Round "1"]
[White "Löffelholz, Christian"]
[Black "Latka, Vera"]
[Result "0-1"]
[WhiteElo "1662"]
[BlackElo "1698"]
[PlyCount "82"]
[EventDate "2016.??.??"]
[WhiteTeam "Schachclub Rochade Leinefelde"]
[BlackTeam "ESV Lok Meiningen"]

1. e4 c5 2. Nf3 Nc6 3. d4 cxd4 4. Nxd4 g6 5. Be3 Bg7 6. c3 d6 7. Nd2 Nf6 8. Be2
O-O 9. O-O Bd7 10. f4 Nxd4 11. Bxd4 Bc6 12. Bf3 Qc7 13. Kh1 e6 14. Re1 Rfd8 15.
Qc2 Rd7 16. e5 Nd5 17. exd6 Qxd6 18. g3 Bxd4 19. cxd4 Nb4 20. Qc3 Qxd4 21. Bxc6
Qxc3 22. bxc3 Nxc6 23. Ne4 Rdd8 24. Rac1 Kg7 25. Kg2 b6 26. Kf2 Rd7 27. Red1
Rad8 28. Ke2 h6 29. Rxd7 Rxd7 30. Rd1 Rxd1 31. Kxd1 f5 32. Nd6 Kf6 33. Kd2 e5
34. fxe5+ Nxe5 35. h3 Ke6 36. Nb5 Nc6 37. Nd4+ Nxd4 38. cxd4 Kd5 39. Kd3 b5 40.
Kc3 a5 41. Kd3 b4 0-1